000 00877nam a2200265 a 4500
001
003 DO-SdBNP
005 20220713095017.0
008 100917s1993 dr 000 0 spa d
040 _aBPMSU
_bspa
_cBPMSU
049 _a
082 _a338.97293
_bM538r 1993
_222
100 1 _aMéndez, Mario
245 1 0 _aReformas y lucha de intereses /
_cMario Méndez ; prólogo Hugo Guiliani Cury.
260 _aSanto Domingo :
_bCorripio,
_c1993.
300 _a201 p. ;
_c24 cm.
500 _aIncluye datos biográficos del autor en la contrcubierta.
650 4 _aReforma económica
_zRepública Dominicana
651 4 _a República Dominicana
_xCondiciones económicas
651 4 _a República Dominicana
_xPolítica económica
651 4 _aRepública Dominicana
_xPolítica y gobierno
700 1 _aGuiliani Cury, Hugo
_epról.
910 _aVMateo
942 _2ddc
_cBK
999 _c13544
_d13544